[Event "Aragon-chT Preferente Gr II"]
[Site "Aragon"]
[Date "2018.03.03"]
[Round "6.67"]
[White "Sanmartin Agustin, Borja"]
[Black "Gomez Salinas, Nestor"]
[Result "1-0"]
[WhiteElo "1991"]
[BlackElo "1976"]
[PlyCount "91"]
[EventDate "2018.01.27"]
[EventType "team-tourn"]
[EventRounds "9"]
[EventCountry "ESP"]
[SourceTitle "EXT 2019"]
[Source "ChessBase"]
[SourceDate "2018.10.10"]
[SourceVersion "1"]
[SourceVersionDate "2018.10.10"]
[SourceQuality "1"]
[WhiteTeam "El Olivar II"]
[BlackTeam "Palacio de Pioneros II"]
[WhiteTeamCountry "ESP"]
[BlackTeamCountry "ESP"]

1. e4 c5 2. Nf3 d6 3. d4 cxd4 4. Qxd4 a6 5. Bg5 Nc6 6. Qc3 Bd7 7. Bc4 b5 8. Bd5 Rc8 9. Qb3 Be6 10. Bxe6 fxe6 11. c3 h6 12. Qxe6 hxg5 13. Nxg5 Nh6 14. 0-0 Ne5 15. f4 Neg4 16. Qg6+ Kd7 17. Qe6+ Kc7 18. Nd2 Kb8 19. Nb3 Qb6+ 20. Nd4 Rc4 21. Rfd1 Ne3 22. Rd2 Nhg4 23. h3 Rxd4 24. cxd4 Nc4 25. Rc1 Qb7 26. hxg4 Nxd2 27. Nf7 Rh6 28. Nxh6 gxh6 29. Qg8 Nc4 30. Qxf8+ Ka7 31. d5 Qb6+ 32. Kh2 Qe3 33. Qxe7+ Kb6 34. Rf1 Qe2 35. Rf3 Ne3 36. Qxd6+ Kb7 37. Qc6+ Kb8 38. Qb6+ Ka8 39. Qxe3 Qxb2 40. Rf2 Qf6 41. g5 hxg5 42. fxg5 Qh8+ 43. Kg3 Qe5+ 44. Kg4 Qd6 45. Qf4 Qb4 46. Qf8+ 1-0

[Event "Aragon-chT Honor GrA"]
[Site "Aragon"]
[Date "2014.03.08"]
[Round "7.5"]
[White "Sanmartin Agustin, Borja"]
[Black "Hefty Hilardo, Jorge Walter"]
[Result "1/2-1/2"]
[WhiteElo "2024"]
[BlackElo "2342"]
[PlyCount "152"]
[EventDate "2014.01.25"]
[EventType "team-tourn"]
[EventRounds "7"]
[EventCountry "ESP"]
[SourceTitle "EXT 2015"]
[Source "ChessBase"]
[SourceDate "2014.11.20"]
[SourceVersion "1"]
[SourceVersionDate "2014.11.20"]
[SourceQuality "1"]
[WhiteTeam "El Olivar II"]
[BlackTeam "IberCaja"]
[WhiteTeamCountry "ESP"]
[BlackTeamCountry "ESP"]

1. e4 e6 2. d4 d5 3. Nc3 Bb4 4. Nge2 dxe4 5. a3 Be7 6. Nxe4 Bd7 7. N2g3 Nf6 8. Nxf6+ Bxf6 9. Nh5 Bc6 10. Nxf6+ Qxf6 11. Qg4 Nd7 12. Bg5 Qg6 13. Bd3 Nf6 14. Bxg6 Nxg4 15. Bh5 Nf6 16. Bxf6 gxf6 17. 0-0 Ke7 18. f4 Rad8 19. c3 f5 20. Rae1 Rhg8 21. Rf2 Kf6 22. Re5 Rg7 23. Rc5 Rdg8 24. g3 Ke7 25. Be2 Kd6 26. Re5 Be4 27. Bf3 f6 28. Bxe4 fxe5 29. fxe5+ Ke7 30. Bxb7 a5 31. Bc6 h5 32. Kf1 h4 33. gxh4 Rh8 34. Rf4 Rgh7 35. b4 axb4 36. axb4 Rxh4 37. Rxh4 Rxh4 38. Kg2 Rh6 39. b5 Kf7 40. Kg3 Rg6+ 41. Kf2 Rg4 42. h3 Rf4+ 43. Bf3 Rh4 44. Kg3 Rh8 45. c4 Rg8+ 46. Kf4 Rh8 47. Kg3 Ke7 48. h4 Kd7 49. h5 Rg8+ 50. Kf4 Rg1 51. d5 Ke7 52. dxe6 Rf1 53. h6 Rf2 54. Kg3 Rd2 55. Bd5 Rd3+ 56. Kh4 Rd2 57. Kg5 Rh2 58. Kg6 f4 59. Kg7 Rh3 60. h7 Rg3+ 61. Kh6 Rh3+ 62. Kg5 Rxh7 63. Kxf4 Rh4+ 64. Ke3 Rg4 65. Kd3 Rh4 66. Kc3 Kd8 67. Kb4 Rh5 68. Kc5 Rxe5 69. Kc6 Re1 70. c5 Rc1 71. b6 cxb6 72. Kxb6 Rb1+ 73. Kc6 Ke7 74. Kc7 Rb5 75. Kc6 Rb1 76. Kc7 Rb5 1/2-1/2

[Event "Aragon-chT Honor GrA"]
[Site "Aragon"]
[Date "2014.03.01"]
[Round "6.9"]
[White "Forcen Esteban, Daniel"]
[Black "Sanmartin Agustin, Borja"]
[Result "1-0"]
[WhiteElo "2501"]
[BlackElo "2024"]
[PlyCount "53"]
[EventDate "2014.01.25"]
[EventType "team-tourn"]
[EventRounds "7"]
[EventCountry "ESP"]
[SourceTitle "EXT 2015"]
[Source "ChessBase"]
[SourceDate "2014.11.20"]
[SourceVersion "1"]
[SourceVersionDate "2014.11.20"]
[SourceQuality "1"]
[WhiteTeam "Jaime Casas"]
[BlackTeam "El Olivar II"]
[WhiteTeamCountry "ESP"]
[BlackTeamCountry "ESP"]

1. d4 Nf6 2. Nf3 c5 3. e3 e6 4. Bd3 Nc6 5. 0-0 Qc7 6. c4 d5 7. cxd5 Nxd5 8. dxc5 Bxc5 9. a3 Bd6 10. g3 h5 11. Nbd2 h4 12. Nc4 Bxg3 13. hxg3 hxg3 14. Kg2 gxf2 15. Rh1 Rxh1 16. Qxh1 f1Q+ 17. Bxf1 b5 18. e4 Nf4+ 19. Bxf4 Qxf4 20. Ncd2 Bb7 21. Qh8+ Ke7 22. Qxg7 Rd8 23. Rd1 Nd4 24. Nxd4 Bxe4+ 25. Nxe4 Qxe4+ 26. Kh2 Qf4+ 27. Kh1 1-0

[Event "Aragon-chT Preferente A"]
[Site "Aragon"]
[Date "2013.03.16"]
[Round "8.45"]
[White "Pellicer Cemeli, Jose Luis"]
[Black "Sanmartin Agustin, Borja"]
[Result "1-0"]
[WhiteElo "2068"]
[BlackElo "2021"]
[PlyCount "89"]
[EventDate "2013.01.26"]
[EventType "team"]
[EventRounds "9"]
[EventCountry "ESP"]
[SourceTitle "EXT 2014"]
[Source "ChessBase"]
[SourceDate "2013.11.20"]
[SourceVersion "1"]
[SourceVersionDate "2013.11.20"]
[SourceQuality "1"]
[WhiteTeam "La Aurora Estadilla II"]
[BlackTeam "El Olivar III"]
[WhiteTeamCountry "ESP"]
[BlackTeamCountry "ESP"]

1. d4 Nf6 2. c4 c5 3. d5 e6 4. Nc3 exd5 5. cxd5 d6 6. e4 g6 7. Nf3 Bg7 8. Be2 0-0 9. 0-0 a6 10. a4 Re8 11. Nd2 Nbd7 12. f4 Rb8 13. Ra3 Qc7 14. Qc2 c4 15. a5 Nc5 16. Bxc4 Ng4 17. Nf3 b5 18. axb6 Qxb6 19. Kh1 Bxc3 20. Qxc3 Nxe4 21. Qd4 Qc7 22. b3 Nef2+ 23. Rxf2 Nxf2+ 24. Qxf2 Rxb3 25. Rxb3 Qxc4 26. Qb2 Re1+ 27. Ng1 Qxc1 28. Qf2 Rf1 29. Qb6 Bf5 30. Qd4 Rxg1+ 31. Qxg1 Qxg1+ 32. Kxg1 Be4 33. Rb6 Bxd5 34. Rxa6 Be4 35. Rxd6 Kg7 36. Kf2 Bc2 37. g4 Be4 38. Ke3 Bc2 39. h4 h5 40. gxh5 gxh5 41. Kd4 Bf5 42. Ke5 Bg4 43. f5 Bh3 44. Rd3 Bg4 45. Rg3 1-0

[Event "Aragon-chT Preferente A"]
[Site "Aragon"]
[Date "2013.03.02"]
[Round "6.46"]
[White "Sanmartin Agustin, Borja"]
[Black "Alonso Blasco, Jose Miguel"]
[Result "1-0"]
[WhiteElo "2021"]
[BlackElo "2116"]
[PlyCount "73"]
[EventDate "2013.01.26"]
[EventType "team"]
[EventRounds "9"]
[EventCountry "ESP"]
[SourceTitle "EXT 2014"]
[Source "ChessBase"]
[SourceDate "2013.11.20"]
[SourceVersion "1"]
[SourceVersionDate "2013.11.20"]
[SourceQuality "1"]
[WhiteTeam "El Olivar III"]
[BlackTeam "Las Fuentes"]
[WhiteTeamCountry "ESP"]
[BlackTeamCountry "ESP"]

1. e4 c6 2. d4 d5 3. exd5 cxd5 4. c4 Nf6 5. Nc3 e6 6. Nf3 Bb4 7. a3 Bxc3+ 8. bxc3 0-0 9. Qb3 b6 10. Bg5 Bb7 11. c5 Nbd7 12. Ne5 Qc7 13. Nxd7 Nxd7 14. Rb1 e5 15. Be2 exd4 16. cxd4 Rfe8 17. Be3 Bc6 18. cxb6 Nxb6 19. 0-0 Ba4 20. Qb4 Qe7 21. Rfc1 Qxb4 22. Rxb4 Rac8 23. Rc5 f5 24. Ba6 Rcd8 25. g3 Bd7 26. Rc7 Nc8 27. Rbb7 Nb6 28. a4 Kh8 29. a5 Bc8 30. Rxa7 Bxa6 31. axb6 f4 32. gxf4 Bd3 33. b7 Be4 34. Rc5 h6 35. Rca5 Kh7 36. Ra8 Bf5 37. Rxd5 1-0

[Event "Aragon-chT"]
[Site "Aragon"]
[Date "2008.02.16"]
[Round "3"]
[White "Fernandez Urrutia Gallo, Carlos"]
[Black "Sanmartin Agustin, Borja"]
[Result "1-0"]
[WhiteElo "2023"]
[BlackElo "2067"]
[PlyCount "79"]
[EventDate "2008.02.02"]
[EventType "team-swiss"]
[EventRounds "12"]
[EventCountry "ESP"]
[SourceTitle "EXT 2011"]
[Source "ChessBase"]
[SourceDate "2010.11.26"]
[SourceVersion "1"]
[SourceVersionDate "2010.11.26"]
[SourceQuality "1"]

1. d4 Nf6 2. c4 c5 3. d5 e6 4. Nc3 exd5 5. cxd5 d6 6. e4 g6 7. Nf3 Bg7 8. Bd3 0-0 9. h3 Re8 10. 0-0 a6 11. a4 c4 12. Bc2 Nbd7 13. Bg5 Qc7 14. Re1 Rb8 15. Bf4 b5 16. axb5 axb5 17. Nd4 Ne5 18. Ndxb5 Qc5 19. Be3 Qb4 20. Ra4 Rxb5 21. Rxb4 Rxb4 22. Bc1 Ba6 23. f4 Nd3 24. Bxd3 cxd3 25. e5 Nh5 26. exd6 Rd8 27. Ne4 Bd4+ 28. Kh2 Nf6 29. Nxf6+ Bxf6 30. f5 Rxd6 31. Re8+ Kg7 32. Qd2 Rh4 33. g3 Rh5 34. g4 Rh4 35. Qb4 gxf5 36. Qxd6 Bb5 37. Rb8 fxg4 38. Rxb5 Rxh3+ 39. Kg2 Rf3 40. Qh2 1-0

[Event "Aragon-chT Autonomico"]
[Site "Aragon"]
[Date "2007.03.17"]
[Round "8"]
[White "Gomez Luesia, Jesus C"]
[Black "Sanmartin Agustin, Borja"]
[Result "1-0"]
[WhiteElo "2181"]
[BlackElo "2082"]
[PlyCount "63"]
[EventDate "2007.01.27"]
[EventType "team"]
[EventRounds "9"]
[EventCountry "ESP"]
[SourceTitle "EXT 2008"]
[Source "ChessBase"]
[SourceDate "2007.11.25"]
[SourceVersion "1"]
[SourceVersionDate "2007.11.25"]
[SourceQuality "1"]
[WhiteTeam "Agrupacion"]
[BlackTeam "CAI Olivar II"]
[WhiteTeamCountry "ESP"]
[BlackTeamCountry "ESP"]

1. d4 Nf6 2. c3 e6 3. e3 c5 4. Bd3 d5 5. f4 cxd4 6. exd4 Bd6 7. Nf3 Nc6 8. 0-0 Qb6 9. Qe2 Bd7 10. Ne5 h5 11. Be3 Ng4 12. Nxd7 Kxd7 13. Nd2 g5 14. g3 Nxe3 15. Qxe3 gxf4 16. gxf4 Rag8+ 17. Kh1 Kc8 18. b4 Rg4 19. Be2 Rh4 20. Rf3 Qc7 21. Raf1 Ne7 22. Bd3 Rg8 23. R1f2 Rgg4 24. Nf1 Bxf4 25. Qe1 Qd8 26. Rg2 Qg8 27. Qxh4 Rxg2 28. Ng3 Bg5 29. Qxh5 Rxa2 30. Bh7 Qh8 31. Rxf7 Bf6 32. Qh6 1-0

[Event "Aragon-chT Autonomico"]
[Site "Aragon"]
[Date "2007.03.10"]
[Round "7"]
[White "Tirapo Larcuen, Ana"]
[Black "Sanmartin Agustin, Borja"]
[Result "0-1"]
[WhiteElo "1870"]
[BlackElo "2082"]
[PlyCount "78"]
[EventDate "2007.01.27"]
[EventType "team"]
[EventRounds "9"]
[EventCountry "ESP"]
[SourceTitle "EXT 2008"]
[Source "ChessBase"]
[SourceDate "2007.11.25"]
[SourceVersion "1"]
[SourceVersionDate "2007.11.25"]
[SourceQuality "1"]
[WhiteTeam "Las Fuentes"]
[BlackTeam "CAI Olivar II"]
[WhiteTeamCountry "ESP"]
[BlackTeamCountry "ESP"]

1. e4 c5 2. Nf3 d6 3. d3 Nc6 4. g3 g6 5. Bg2 Bg7 6. 0-0 Nf6 7. Nbd2 0-0 8. a4 Rb8 9. Nc4 Bg4 10. h3 Be6 11. Ne3 a6 12. Ng5 Bd7 13. f4 b5 14. axb5 axb5 15. g4 Qb6 16. Kh1 Ra8 17. Rxa8 Rxa8 18. e5 Ne8 19. Nd5 Qd8 20. exd6 Nxd6 21. Qe1 e6 22. Nc3 Ra1 23. Qg3 Nd4 24. f5 Rxc1 25. Rxc1 Qxg5 26. Ra1 Ne8 27. Ne4 Qe7 28. fxg6 hxg6 29. Qb8 f5 30. gxf5 exf5 31. Nc3 Be5 32. Qb6 Bd6 33. Qb7 Kf8 34. Qd5 Nc7 35. Qb7 Qe5 36. Kg1 Qe3+ 37. Kh1 Qg3 38. Kg1 Bc6 39. Ra8+ Nxa8 0-1

[Event "Aragon-chT Autonomico"]
[Site "Aragon"]
[Date "2007.03.03"]
[Round "6"]
[White "Sanmartin Agustin, Borja"]
[Black "Parrilla Mendez, David"]
[Result "1-0"]
[WhiteElo "2082"]
[BlackElo "1664"]
[PlyCount "77"]
[EventDate "2007.01.27"]
[EventType "team"]
[EventRounds "9"]
[EventCountry "ESP"]
[SourceTitle "EXT 2008"]
[Source "ChessBase"]
[SourceDate "2007.11.25"]
[SourceVersion "1"]
[SourceVersionDate "2007.11.25"]
[SourceQuality "1"]
[WhiteTeam "CAI Olivar II"]
[BlackTeam "Aragon"]
[WhiteTeamCountry "ESP"]
[BlackTeamCountry "ESP"]

1. e4 e6 2. d4 d5 3. Nc3 Ne7 4. Bg5 c6 5. Nge2 f6 6. Be3 Ng6 7. h4 Bb4 8. h5 Ne7 9. Qd3 b6 10. a3 Ba6 11. Qd2 Bd6 12. 0-0-0 Bb7 13. Nf4 Qd7 14. exd5 cxd5 15. g3 Nbc6 16. Bh3 f5 17. g4 g6 18. gxf5 gxf5 19. Rhg1 0-0-0 20. Rg7 Rdg8 21. Rdg1 Rxg7 22. Rxg7 Rg8 23. Rxh7 Na5 24. Qe2 Nc4 25. Kb1 Qc6 26. Bc1 e5 27. Ng6 Nxg6 28. Bxf5+ Kb8 29. hxg6 Nxa3+ 30. bxa3 Qxc3 31. Bb2 Qa5 32. dxe5 Bxa3 33. Bxa3 Qxa3 34. Qb5 Qc3 35. Rxb7+ Kxb7 36. Qxd5+ Qc6 37. Be4 Qxd5 38. Bxd5+ Kc7 39. Bxg8 1-0

[Event "Aragon-chT Autonomico"]
[Site "Aragon"]
[Date "2007.02.24"]
[Round "5"]
[White "Ananos Palacios, David"]
[Black "Sanmartin Agustin, Borja"]
[Result "1-0"]
[WhiteElo "2009"]
[BlackElo "2082"]
[PlyCount "65"]
[EventDate "2007.01.27"]
[EventType "team"]
[EventRounds "9"]
[EventCountry "ESP"]
[SourceTitle "EXT 2008"]
[Source "ChessBase"]
[SourceDate "2007.11.25"]
[SourceVersion "1"]
[SourceVersionDate "2007.11.25"]
[SourceQuality "1"]
[WhiteTeam "St Casablanca III"]
[BlackTeam "CAI Olivar II"]
[WhiteTeamCountry "ESP"]
[BlackTeamCountry "ESP"]

1. e4 c5 2. Nf3 d6 3. d4 cxd4 4. Nxd4 Nf6 5. Nc3 Nc6 6. Be3 Ng4 7. Bb5 Nxe3 8. Nxc6 Nxg2+ 9. Kf1 bxc6 10. Bxc6+ Bd7 11. Bxd7+ Qxd7 12. Kxg2 Rb8 13. Rb1 g6 14. Nd5 Bg7 15. c3 0-0 16. Qe2 e6 17. Ne3 Rb5 18. h4 Qb7 19. Nc4 Rd8 20. a4 Rc5 21. b4 Rcc8 22. Na5 Qd7 23. c4 Qxa4 24. Rhd1 Rd7 25. Qd2 Rb8 26. b5 Qa3 27. Rb3 Qc5 28. Rd3 Rb6 29. f3 a6 30. Nb3 Qxc4 31. Rc1 Qxb5 32. Rc8+ Bf8 33. Qh6 1-0

[Event "Aragon-chT Autonomico"]
[Site "Aragon"]
[Date "2007.02.10"]
[Round "3"]
[White "Romon Poves, Raul"]
[Black "Sanmartin Agustin, Borja"]
[Result "1-0"]
[WhiteElo "2225"]
[BlackElo "2082"]
[PlyCount "125"]
[EventDate "2007.01.27"]
[EventType "team"]
[EventRounds "9"]
[EventCountry "ESP"]
[SourceTitle "EXT 2008"]
[Source "ChessBase"]
[SourceDate "2007.11.25"]
[SourceVersion "1"]
[SourceVersionDate "2007.11.25"]
[SourceQuality "1"]
[WhiteTeam "CAI Olivar"]
[BlackTeam "CAI Olivar II"]
[WhiteTeamCountry "ESP"]
[BlackTeamCountry "ESP"]

1. d4 c5 2. d5 e6 3. c4 exd5 4. cxd5 d6 5. Nc3 Nf6 6. e4 g6 7. h3 Bg7 8. Nf3 0-0 9. Bd3 a6 10. a4 Re8 11. 0-0 Nh5 12. Bg5 Bf6 13. Bh6 Nd7 14. g4 Ng7 15. Bf4 Nf8 16. Bh6 Nd7 17. Qd2 Ne5 18. Nxe5 Bxe5 19. Kg2 Bxg4 20. hxg4 Qh4 21. Bf4 Qxg4+ 22. Bg3 h5 23. Qd1 Qd7 24. Bxe5 Rxe5 25. f4 Ree8 26. Qf3 f6 27. Qg3 Qg4 28. Rae1 Qxg3+ 29. Kxg3 Kh7 30. Nb1 Re7 31. Na3 Rae8 32. Nc4 Rd7 33. a5 Kh6 34. Bc2 Red8 35. Kh3 Re7 36. Re3 Ne8 37. Rg3 Rg7 38. Rb3 Re7 39. Rb6 g5 40. fxg5+ fxg5 41. e5 Kg7 42. Nxd6 Nxd6 43. Rxd6 Rxd6 44. exd6 Rd7 45. Bf5 Rxd6 46. Be6 b5 47. Rf7+ Kg6 48. Rd7 Rxd7 49. Bxd7 Kf6 50. Bxb5 Ke5 51. Bxa6 Kxd5 52. Bb7+ Kd6 53. Kg3 Kc7 54. Bf3 g4 55. Bd5 Kb8 56. Kh4 Ka7 57. Bc4 Kb7 58. Kxh5 g3 59. Kg4 g2 60. Bd5+ Ka6 61. Bxg2 Kxa5 62. b3 Kb4 63. Bd5 1-0

[Event "ESP Autonomico-chT"]
[Site "Spain"]
[Date "2006.03.18"]
[Round "7.7"]
[White "Gomez Anadon, Daniel"]
[Black "Sanmartin Agustin, Borja"]
[Result "1-0"]
[WhiteElo "2248"]
[BlackElo "2070"]
[PlyCount "111"]
[EventDate "2006.02.04"]
[EventType "team"]
[EventRounds "9"]
[EventCountry "ESP"]
[SourceTitle "EXT 2007"]
[Source "ChessBase"]
[SourceDate "2006.11.23"]
[SourceVersion "1"]
[SourceVersionDate "2006.11.23"]
[SourceQuality "1"]

1. e4 c5 2. Nc3 d6 3. f4 Nc6 4. Nf3 Nf6 5. Bb5 a6 6. Bxc6+ bxc6 7. 0-0 e6 8. d3 Qb6 9. Kh1 Be7 10. Qe1 d5 11. b3 Bb7 12. Na4 Qc7 13. e5 Nd7 14. c4 Nb6 15. Qa5 Bd8 16. Nxc5 Bc8 17. Be3 Nd7 18. Qxc7 Bxc7 19. Nxd7 Bxd7 20. Rac1 Ba5 21. Bc5 Rb8 22. Bd6 Rb7 23. h3 Bb4 24. c5 Ba3 25. Rc2 h6 26. g4 g6 27. Kg2 Rg8 28. Kf2 Bb4 29. Nd4 Ba3 30. Ke3 Bb4 31. Rcc1 Ba3 32. Rb1 Bb4 33. Nc2 Rb5 34. Kd4 Ba5 35. b4 Bd8 36. Ke3 f5 37. Nd4 Rb7 38. a4 fxg4 39. hxg4 g5 40. f5 exf5 41. gxf5 g4 42. e6 Bg5+ 43. Ke2 Bf6 44. exd7+ Kxd7 45. Ne6 h5 46. d4 h4 47. Be5 Bxe5 48. dxe5 g3 49. Nf4 Rg4 50. Kf3 Rg5 51. e6+ Ke7 52. Rh1 g2 53. Rxh4 Rxb4 54. Rh7+ Kf6 55. Rf7+ Ke5 56. Nd3+ 1-0

[Event "ESP Autonomico-chT"]
[Site "Spain"]
[Date "2006.02.25"]
[Round "4.19"]
[White "Sanmartin Agustin, Borja"]
[Black "Jario Garcia, Ricardo Javier"]
[Result "1-0"]
[WhiteElo "2070"]
[BlackElo "2174"]
[PlyCount "61"]
[EventDate "2006.02.04"]
[EventType "team"]
[EventRounds "9"]
[EventCountry "ESP"]
[SourceTitle "EXT 2007"]
[Source "ChessBase"]
[SourceDate "2006.11.23"]
[SourceVersion "1"]
[SourceVersionDate "2006.11.23"]
[SourceQuality "1"]

1. e4 e5 2. Nf3 Nf6 3. Nxe5 d6 4. Nf3 Nxe4 5. d4 d5 6. Bd3 Nc6 7. Nbd2 Bg4 8. c3 f5 9. 0-0 Be7 10. Qb3 Qd6 11. Re1 0-0-0 12. a4 g5 13. Ne5 Nxe5 14. dxe5 Qxe5 15. Nf1 Bc5 16. Be3 Bxe3 17. Nxe3 Bh5 18. Qc2 g4 19. c4 dxc4 20. Nxc4 Qd5 21. Rac1 c6 22. Bxe4 fxe4 23. Ne3 Qe5 24. a5 a6 25. Nc4 Qf5 26. Nb6+ Kc7 27. Qc3 Rhf8 28. Qg3+ Qf4 29. Qh4 Be8 30. Qe7+ Bd7 31. Nd5+ 1-0

[Event "ESP Autonomico-chT"]
[Site "Spain"]
[Date "2006.02.04"]
[Round "1.27"]
[White "Martin Barbero, Roberto"]
[Black "Sanmartin Agustin, Borja"]
[Result "0-1"]
[WhiteElo "1976"]
[BlackElo "2070"]
[PlyCount "106"]
[EventDate "2006.02.04"]
[EventType "team"]
[EventRounds "9"]
[EventCountry "ESP"]
[SourceTitle "EXT 2007"]
[Source "ChessBase"]
[SourceDate "2006.11.23"]
[SourceVersion "1"]
[SourceVersionDate "2006.11.23"]
[SourceQuality "1"]

1. d4 Nf6 2. Nf3 c5 3. c3 e6 4. g3 d5 5. Bg2 Nc6 6. 0-0 b6 7. a4 Bd6 8. Na3 Ba6 9. Nb5 Bxb5 10. axb5 Na5 11. dxc5 bxc5 12. Qa4 Nb7 13. b6+ Qd7 14. bxa7 Qxa4 15. Rxa4 Bc7 16. Bf4 Bb6 17. Rfa1 Nd7 18. Ne5 Nxe5 19. Bxe5 f6 20. Bb8 Kd7 21. e4 d4 22. e5 Rhxb8 23. axb8Q Rxb8 24. cxd4 cxd4 25. Bxb7 Rxb7 26. exf6 gxf6 27. Rd1 Kc6 28. Kf1 Kb5 29. Ra8 Kc4 30. f4 e5 31. Re8 Kd5 32. fxe5 fxe5 33. Re1 Rf7+ 34. Kg2 Bc7 35. g4 d3 36. h4 Kd4 37. g5 d2 38. Ra1 Kd3 39. h5 Ke2 40. g6 hxg6 41. hxg6 Rf6 42. Rg8 d1Q 43. Rxd1 Kxd1 44. Rc8 Rxg6+ 45. Kf3 Rf6+ 46. Ke4 Rf4+ 47. Kd3 Rd4+ 48. Ke3 Bb6 49. Rc3 Rf4+ 50. Kd3 e4+ 51. Kc4 e3+ 52. Kd3 e2 53. Ra3 Rd4+ 0-1

[Event "Autonomico-chT"]
[Site "Aragon"]
[Date "2005.02.12"]
[Round "3.54"]
[White "Pellicer Cemeli, Jose Luis"]
[Black "Sanmartin Agustin, Borja"]
[Result "1/2-1/2"]
[WhiteElo "2075"]
[BlackElo "2055"]
[PlyCount "62"]
[EventDate "2005.01.22"]
[EventType "team"]
[EventRounds "12"]
[EventCountry "ESP"]
[SourceTitle "EXT 2006"]
[Source "ChessBase"]
[SourceDate "2005.11.24"]
[SourceVersion "1"]
[SourceVersionDate "2005.11.24"]
[SourceQuality "1"]

1. d4 Nf6 2. Nc3 d5 3. Bg5 Nbd7 4. Nf3 e6 5. e4 dxe4 6. Nxe4 Be7 7. Nxf6+ Nxf6 8. Bd3 h6 9. Bd2 0-0 10. 0-0 b6 11. c3 Bb7 12. Qe2 c5 13. Rad1 cxd4 14. Nxd4 Qd5 15. f3 Bc5 16. Be3 Qe5 17. Bf2 Qxe2 18. Nxe2 Bxf2+ 19. Kxf2 Nd5 20. Be4 f5 21. Bxd5 Bxd5 22. b3 Rad8 23. Nf4 Kf7 24. Rfe1 Rfe8 25. c4 Ba8 26. Rxd8 Rxd8 27. Nxe6 Rd2+ 28. Kg3 Rxa2 29. Nd8+ Kf8 30. Ne6+ Kf7 31. Nd8+ Kf8 1/2-1/2

[Event "Autonomico-chT"]
[Site "Aragon"]
[Date "2005.02.05"]
[Round "2.38"]
[White "Sanmartin Agustin, Borja"]
[Black "Cid Royo, Jonathan"]
[Result "0-1"]
[WhiteElo "2055"]
[BlackElo "2271"]
[PlyCount "79"]
[EventDate "2005.01.22"]
[EventType "team"]
[EventRounds "12"]
[EventCountry "ESP"]
[SourceTitle "EXT 2006"]
[Source "ChessBase"]
[SourceDate "2005.11.24"]
[SourceVersion "1"]
[SourceVersionDate "2005.11.24"]
[SourceQuality "1"]

1. e4 c5 2. Nf3 d6 3. d4 cxd4 4. Qxd4 a6 5. Bg5 Nc6 6. Qd2 h6 7. Bh4 g5 8. Bg3 Bg7 9. Nc3 Nf6 10. h3 b5 11. e5 dxe5 12. Qxd8+ Nxd8 13. Nxe5 Bb7 14. 0-0-0 Ne6 15. f3 0-0 16. Nd3 Rac8 17. a4 bxa4 18. Nxa4 Nd5 19. Ne5 Ne3 20. Rd2 f5 21. Ng6 Rfe8 22. Be5 Kf7 23. Bxg7 Kxg7 24. Ne5 Red8 25. Bd3 Rd5 26. Nb6 Rxe5 27. Nxc8 Bxc8 28. Re1 Kf6 29. Rde2 f4 30. c3 Nc5 31. Bc2 Bf5 32. Bxf5 Rxf5 33. Kb1 Rd5 34. Rh1 Nb3 35. Ka2 Rb5 36. h4 gxh4 37. Ka3 Kg5 38. Rhe1 e5 39. Rxe3 fxe3 40. Rxe3 0-1

[Event "Autonomico-chT"]
[Site "Aragon"]
[Date "2005.01.22"]
[Round "1.14"]
[White "Adla, Diego Gustavo"]
[Black "Sanmartin Agustin, Borja"]
[Result "1-0"]
[WhiteElo "2467"]
[BlackElo "2055"]
[PlyCount "47"]
[EventDate "2005.01.22"]
[EventType "team"]
[EventRounds "12"]
[EventCountry "ESP"]
[SourceTitle "EXT 2006"]
[Source "ChessBase"]
[SourceDate "2005.11.24"]
[SourceVersion "1"]
[SourceVersionDate "2005.11.24"]
[SourceQuality "1"]

1. e4 c5 2. Nf3 d6 3. d4 cxd4 4. Nxd4 Nf6 5. Nc3 e6 6. g4 h6 7. Bg2 Nc6 8. h3 a6 9. Be3 Qc7 10. Qe2 Ne5 11. 0-0-0 Bd7 12. f4 Nc4 13. Bf2 e5 14. Nd5 Nxd5 15. exd5 0-0-0 16. Nc6 Bxc6 17. dxc6 b5 18. Bd5 Nb6 19. Bxf7 Qxf7 20. Bxb6 Qxf4+ 21. Kb1 Re8 22. b3 e4 23. Qe1 Qe5 24. Qa5 1-0

[Event "Autonomico-ch"]
[Site "Aragon"]
[Date "2005.??.??"]
[Round "4"]
[White "Sanmartin Agustin, Borja"]
[Black "Malo Guillen, Jose Luis"]
[Result "0-1"]
[WhiteElo "2075"]
[BlackElo "2200"]
[PlyCount "108"]
[EventDate "2005.??.??"]
[EventType "swiss"]
[EventRounds "9"]
[EventCountry "ESP"]
[SourceTitle "EXT 2009"]
[Source "ChessBase"]
[SourceDate "2008.11.26"]
[SourceVersion "1"]
[SourceVersionDate "2008.11.26"]
[SourceQuality "1"]

1. e4 d5 2. exd5 Nf6 3. d4 Nxd5 4. Nf3 g6 5. c4 Nb6 6. b3 Bg7 7. Bb2 Bg4 8. Be2 Nc6 9. c5 Nd7 10. h3 Bxf3 11. Bxf3 Nxc5 12. Bxc6+ bxc6 13. 0-0 0-0 14. Na3 Ne6 15. Nc4 Nxd4 16. Rc1 c5 17. Na5 Ne6 18. Bxg7 Kxg7 19. Nb7 Qxd1 20. Rfxd1 Kf6 21. Nxc5 Rfd8 22. Rxd8 Nxd8 23. Nd7+ Ke6 24. Nf8+ Kd6 25. Rd1+ Kc6 26. Re1 Kd6 27. Rd1+ Kc5 28. Rd7 Nc6 29. Nxh7 Rd8 30. Rxd8 Nxd8 31. Ng5 Kb4 32. Ne4 Ka3 33. g4 Ne6 34. h4 Kxa2 35. h5 gxh5 36. gxh5 Nf8 37. Nc5 Ka3 38. Kf1 Kb4 39. Na6+ Kxb3 40. Ke2 Kc4 41. Nxc7 a5 42. Kd2 Kd4 43. h6 Ke4 44. Kc3 Kf3 45. Nd5 e6 46. Nf6 Kxf2 47. h7 Nxh7 48. Nxh7 e5 49. Nf6 Kf3 50. Nd7 Kf4 51. Nc5 e4 52. Kd4 f5 53. Ne6+ Kg4 54. Nc5 Kf3 0-1

[Event "Autonomico-ch"]
[Site "Aragon"]
[Date "2005.??.??"]
[Round "1"]
[White "Sanmartin Agustin, Borja"]
[Black "Romon Poves, Raul"]
[Result "1/2-1/2"]
[WhiteElo "2075"]
[BlackElo "2230"]
[PlyCount "55"]
[EventDate "2005.??.??"]
[EventType "swiss"]
[EventRounds "9"]
[EventCountry "ESP"]
[SourceTitle "EXT 2009"]
[Source "ChessBase"]
[SourceDate "2008.11.26"]
[SourceVersion "1"]
[SourceVersionDate "2008.11.26"]
[SourceQuality "1"]

1. e4 c5 2. Nf3 d6 3. d4 cxd4 4. Qxd4 Nc6 5. Bb5 Bd7 6. Bxc6 Bxc6 7. Nc3 Nf6 8. Bg5 e6 9. 0-0-0 Be7 10. Rhe1 0-0 11. e5 dxe5 12. Qh4 Qc7 13. Nxe5 Rac8 14. Rd3 Nd5 15. Bxe7 Nxe7 16. Rh3 h6 17. Nxc6 Nxc6 18. Rg3 Ne7 19. Rh3 Nd5 20. Re4 b5 21. Rg4 f5 22. Rxg7+ Kxg7 23. Qxh6+ Kf7 24. Qh5+ Kf6 25. Nxd5+ exd5 26. Qh6+ Kf7 27. Qh7+ Kf6 28. Qh6+ 1/2-1/2